Prečo GOLD FIN INVEST prijíma vklady len od tichých spoločníkov a pôžičky vypláca na drevo?

Bibliographic Details
Main Authors: Koválik, Peter (Author), Ďurianová, Alica (Author)
Format: Article
Language:Slovak
Subjects:

MARC

LEADER 00000nab a2200000 a 4500
001 vtls000566266
003 SK-MaSNL
005 20260303013218.0
008 150501c1995 xo 0 slo
015 |a SNBRB19rr/mm-uuuuu 
035 |a CL0566404 
040 |a SNKBUCL  |b slo  |c SNKBUCL  |e AACR2 
041 0 |a slo 
044 |a xo  |c SK 
080 |a 336.712(437.6):336.714(437.6)  |2 1981 
080 |a 336.714(437.6)  |2 1981 
100 1 |a Koválik, Peter  |4 aut  |9 993708 
245 1 0 |a Prečo GOLD FIN INVEST prijíma vklady len od tichých spoločníkov a pôžičky vypláca na drevo?  |c Peter Koválik, Alica Ďurianová 
650 0 7 |a Gold Fin Invest, spol. s r.o.  |2 snkbucl  |9 993709 
655 7 |a články z novín a časopisov  |2 snkbucl  |9 267496 
700 1 |a Ďurianová, Alica  |4 aut  |9 268418 
773 0 |t Národná obroda  |g Roč. 6, č. 273 (25. 11. 1995), s. 1 a 5 
850 |a Slovenská národná knižnica v Martine  |a MTA001 
852 |a SNK  |b KIS3GCP 
958 |a RK 
958 |a SK 
992 |a RBX 
999 |c 1601340  |d 1603270